MARC details
| 000 -CABECERA |
| campo de control de longitud fija |
01041nam a2200241 a 4500 |
| 001 - NÚMERO DE CONTROL |
| campo de control |
000032245 |
| 005 - FECHA Y HORA DE LA ÚLTIMA TRANSACCIÓN |
| campo de control |
20240530073935.0 |
| 008 - DATOS DE LONGITUD FIJA--INFORMACIÓN GENERAL |
| campo de control de longitud fija |
110713s1906 dr r 000 0 spa d |
| 040 ## - FUENTE DE LA CATALOGACIÓN |
| Centro catalogador/agencia de origen |
DO-SdBNP |
| Lengua de catalogación |
spa |
| Centro/agencia transcriptor |
BNPHU |
| 082 ## - NÚMERO DE LA CLASIFICACIÓN DECIMAL DEWEY |
| Número de clasificación |
RD868.2 |
| Número de documento/Ítem |
M562o |
| 100 1# - ENTRADA PRINCIPAL--NOMBRE DE PERSONA |
| Nombre de persona |
Meriño, Fernando Arturo de |
| Fechas asociadas al nombre |
1833-1906 |
| 9 (RLIN) |
51821 |
| 245 10 - MENCIÓN DE TÍTULO |
| Título |
Obras del Padre Meriño : |
| Resto del título |
Don Fernándo Arturo de Meriño, expresidente de la República y arzobispo dde Santo Domingo / |
| Mención de responsabilidad, etc. |
prólogo Manuel A. Machado. |
| 260 ## - PUBLICACIÓN, DISTRIBUCIÓN, ETC. |
| Lugar de publicación, distribución, etc. |
Santo Domingo : |
| Nombre del editor, distribuidor, etc. |
Imp. La cuna de América, |
| Fecha de publicación, distribución, etc. |
1906. |
| 300 ## - DESCRIPCIÓN FÍSICA |
| Extensión |
280 p. ; |
| Dimensiones |
24 cm. |
| 500 ## - NOTA GENERAL |
| Nota general |
Colección de algunos de sus trabajos oratorios y literarios, religiosos y políticos |
| 500 ## - NOTA GENERAL |
| Nota general |
Edición conmemorativa de su jubileo sacerdotal, 1856-1906 |
| 590 ## - NOTA LOCAL (RLIN) |
| Nota local |
Inventariado, 2019/BT |
| 600 14 - PUNTO DE ACCESO ADICIONAL DE MATERIA--NOMBRE DE PERSONA |
| Nombre de persona |
MERIÑO, FERNANDO ARTURO DE, |
| Fechas asociadas al nombre |
1833-1906 |
| Subdivisión general |
COLECCIONES DE ESCRITOS |
| 9 (RLIN) |
58306 |
| 650 #0 - PUNTO DE ACCESO ADICIONAL DE MATERIA--TÉRMINO DE MATERIA |
| Término de materia o nombre geográfico como elemento de entrada |
Literatura dominicana. |
| 9 (RLIN) |
67 |
| 650 #0 - PUNTO DE ACCESO ADICIONAL DE MATERIA--TÉRMINO DE MATERIA |
| Término de materia o nombre geográfico como elemento de entrada |
Ensayos dominicanos |
| 9 (RLIN) |
65 |
| 700 1# - PUNTO DE ACCESO ADICIONAL--NOMBRE DE PERSONA |
| Nombre de persona |
Machado, Manuel A., |
| Término indicativo de función/relación |
pról. |
| 9 (RLIN) |
30827 |
| 910 ## - DATOS DE OPCIÓN DEL USUARIO (OCLC) |
| Datos de opción del usuario |
Validado. Control de calidad MFF |